[Event "GER-ch U25 op"]
[Site "Willingen"]
[Date "2008.05.16"]
[Round "8"]
[White "Brand, Benedikt"]
[Black "Laqua, Stefan"]
[Result "1/2-1/2"]
[WhiteElo "1314"]
[BlackElo "1684"]
[PlyCount "108"]
[EventDate "2008.05.11"]
[EventType "swiss"]
[EventRounds "9"]
[EventCountry "GER"]
[SourceTitle "CBM 124 Extra"]
[Source "ChessBase"]
[SourceDate "2008.07.03"]
[SourceVersion "1"]
[SourceVersionDate "2008.07.03"]
[SourceQuality "1"]

1. e4 e6 2. d4 d5 3. exd5 exd5 4. Bd3 Bd6 5. Nf3 Nc6 6. c3 Bg4 7. 0-0 Nge7 8. Bg5 f6 9. Be3 Qd7 10. Nbd2 g5 11. h3 Bh5 12. Qc2 0-0-0 13. Rfe1 g4 14. Nh4 Bg6 15. hxg4 Bxd3 16. Qxd3 Qxg4 17. Ndf3 Rdg8 18. a4 Qh3 19. b4 Rxg2+ 20. Kf1 Rg4+ 21. Ke2 Rxh4 22. Nxh4 Qxh4 23. Rh1 Qg4+ 24. Kd2 h5 25. Rag1 Qf3 26. Rh4 Nf5 27. Rf4 Bxf4 28. Qxf5+ Kb8 29. Qxf4 Qxf4 30. Bxf4 Nd8 31. Rg6 Ne6 32. Rxf6 Nxf4 33. Rxf4 h4 34. Rg4 h3 35. Rg1 h2 36. Rh1 Rh3 37. f3 Rxf3 38. Rxh2 a6 39. Re2 Kc8 40. Re5 c6 41. Re3 Rf7 42. a5 Kc7 43. Re6 b6 44. Re1 bxa5 45. bxa5 Kd6 46. Kc2 c5 47. dxc5+ Kxc5 48. Kd3 Rf6 49. Re8 Rh6 50. Rc8+ Kb5 51. Kd4 Rc6 52. Rxc6 Kxc6 53. c4 dxc4 54. Kxc4 Kd6 1/2-1/2

[Event "GER-ch U25 op"]
[Site "Willingen"]
[Date "2008.05.14"]
[Round "6"]
[White "Ehlers, Michael2222"]
[Black "Brand, Benedikt"]
[Result "1-0"]
[WhiteElo "1988"]
[BlackElo "1314"]
[PlyCount "87"]
[EventDate "2008.05.11"]
[EventType "swiss"]
[EventRounds "9"]
[EventCountry "GER"]
[SourceTitle "CBM 124 Extra"]
[Source "ChessBase"]
[SourceDate "2008.07.03"]
[SourceVersion "1"]
[SourceVersionDate "2008.07.03"]
[SourceQuality "1"]

1. e4 e5 2. f4 d6 3. Nf3 Bg4 4. Bc4 Nf6 5. fxe5 dxe5 6. Bxf7+ Kxf7 7. Nxe5+ Ke8 8. Nxg4 Nxe4 9. Qe2 Qe7 10. 0-0 Ng5 11. Qxe7+ Bxe7 12. d4 Nc6 13. c3 Kd7 14. d5 Na5 15. Ne5+ Ke8 16. b4 Rd8 17. bxa5 Rxd5 18. Re1 Bc5+ 19. Kf1 Rf8+ 20. Nf3+ Kd7 21. Bxg5 Rxg5 22. Nbd2 Bd6 23. Ne4 Rxa5 24. Nxd6 Kxd6 25. Rad1+ Kc6 26. Re6+ Kb5 27. Re5+ c5 28. Rd2 Kc4 29. Ke2 Kxc3 30. Re4 c4 31. Re3+ Kb4 32. Rb2+ Ka4 33. Rxb7 Rc8 34. Rc3 Re8+ 35. Kf2 g5 36. Rxc4+ Ka3 37. Rc2 Re4 38. Rb3+ Ka4 39. Rcc3 Rf5 40. Ra3+ Kb5 41. Rcb3+ Kc6 42. Ra6+ Kd7 43. Rxa7+ Ke6 44. Rb6+ 1-0

[Event "GER-ch U25 op"]
[Site "Willingen"]
[Date "2008.05.11"]
[Round "1"]
[White "Brand, Benedikt"]
[Black "Lehmann, Ruben"]
[Result "0-1"]
[WhiteElo "1314"]
[BlackElo "1780"]
[PlyCount "82"]
[EventDate "2008.05.11"]
[EventType "swiss"]
[EventRounds "9"]
[EventCountry "GER"]
[SourceTitle "CBM 124 Extra"]
[Source "ChessBase"]
[SourceDate "2008.07.03"]
[SourceVersion "1"]
[SourceVersionDate "2008.07.03"]
[SourceQuality "1"]

1. e4 c6 2. d4 d5 3. exd5 cxd5 4. Nf3 Nf6 5. c4 Bg4 6. cxd5 Qxd5 7. Nc3 Qa5 8. Qd3 Nc6 9. Qb5 Qc7 10. d5 Bxf3 11. gxf3 a6 12. Qc4 Qe5+ 13. Be3 Nd8 14. Qa4+ Nd7 15. Bb5 Qf5 16. Bxd7+ Qxd7 17. Qxd7+ Kxd7 18. Rg1 g6 19. 0-0-0 Bg7 20. Bd4 Bxd4 21. Rxd4 f6 22. f4 Nf7 23. Re1 Nd6 24. Rd2 Rac8 25. Kb1 Rc4 26. Rde2 Re8 27. Ne4 Nxe4 28. Rxe4 Rxe4 29. Rxe4 Kd6 30. Rc4 Rd8 31. Re4 Rd7 32. Kc2 Kxd5 33. Re3 Rc7+ 34. Kd2 e6 35. Rh3 Ke4 36. Re3+ Kf5 37. Kd3 Re7 38. h3 Kxf4 39. Re4+ Kf3 40. Re3+ Kxf2 41. Ke4 f5+ 0-1